000 00696nam a2200181 a 4500
001 000028331
005 20200930031540.0
008 110408s1990 dr 000 0 spa d
040 _aDO-SdBNP
_bspa
_cBNPHU
082 _axxxx
_bQ59
100 1 _aQuezada Ponceano, Julián
_955313
245 1 0 _a1er año de gestión municipal periodo 86-90 :
_bobra cumbre /
_cJulián Quezada Ponceano,.
246 1 0 _aPrimer año de gestión municipal periodo 86-90 :
_bobra cumbre
260 _aSabana Grande de Boyá, República Dominicana :
_bAyuntamiento municipal de Sabana Grande de Boyá,
_c[1990?].
300 _a91 cm. :
_bil., retrs. ;
_c21 cm.
500 _aTítulo tomado de la cubierta
049 _aBNPD
999 _c27823
_d27823